000 00592nam a2200193Ia 4500
003 GCL
008 140319s9999 xx 000 0 ara d
040 _aGCL /
_cGCL
082 0 4 _a811.009
_bم ب
100 1 _aمصطفى عبدالغنى
245 1 0 _aالبنة الشعرية عند فاروق شوشة /
_cمصطفى عبدالغنى
260 _a[S.N] :
_bالهيئة المصرية العامة للكتاب
300 _a204 ص
490 _a
650 0 4 _aالشعر العربى
650 0 4 _aالادب العربى
650 0 4 _aالعصر الحديث
942 _2ddc
_cBK
999 _c30511
_d30511